Pilotos españoles de Fórmula 1 - Muerte súbita - Estadísticas

Estadísticas generales
  • Esta prueba ha sido intentada 133 veces
  • La puntuación promedio es 5 de 8
Answers on the Grid
Answers color-coded by a green-red scale on the quiz's grid according to % correct below.
Fernando Alonso
Juan Pablo Montoya
Pedro de la Rosa
Josep María Martí
Sergio Perez
Carlos Sainz Jr.
Alfonso de Portago
Pastor Maldonado
Marc Gené
Adrián Campos
Jaime Alguersuari
Juan Manuel Fangio
Alberto Ascari
Roberto Merhi
Miguel Molina
Alejandro Aroca
 
Estadísticas de respuestas
Respuesta % Correcto
Fernando Alonso
99%
Carlos Sainz Jr.
81%
Pedro de la Rosa
80%
Jaime Alguersuari
51%
Marc Gené
49%
Roberto Merhi
40%
Adrián Campos
39%
Alfonso de Portago
30%
No se encontraron pruebas coincidentes
Distribución de puntuación
Porcentaje de gente con cada puntuación
Porcentaje por número respondido
Historial de tus puntuaciones
No has intentado esta prueba.